Normal view
MARC view
- Bahzad Zaib
Entry Personal Name
001 - CONTROL NUMBER
- control field: 69452
003 - CONTROL NUMBER IDENTIFIER
- control field: NUST
005 - DATE AND TIME OF LATEST TRANSACTION
- control field: 20210628204231.0
008 - FIXED-LENGTH DATA ELEMENTS
- fixed length control field: 210628|| aca||aabn | a|a d
040 ## - CATALOGING SOURCE
- Original cataloging agency: NUST
- Transcribing agency: NUST
100 ## - HEADING--PERSONAL NAME
- Personal name: Bahzad Zaib
670 ## - SOURCE DATA FOUND
- Source citation: Work cat.: (NUST): Bahzad Zaib, TH-SOF-1558-Work Function Based Energy Harvester, 2018
